Las ultimas fronteras forestales (Registro nro. 375)

Detalles MARC
000 -CABECERA
Campo de control 00970nam a2200277 a 4500
005 - FECHA Y HORA DE LA ULTIMA TRANSACCION
Campo de control 20200104041510.0
008 - ELEMENTOS DE LONGITUD FIJA—INFORMACION GENERAL
Campo de control 140220b1997 nyubd |r|||| 00| 0 eng d
020 ## - ISBN
ISBN 156973223X
040 ## - FUENTE DE CATALOGACIÓN
Agencia catalogadora original CO-BoIAVH
Agencia transcriptora CO-BoIAVH
041 0# - IDIOMA
Código de idioma para texto/pista de sonido o título separado Español
044 ## - PAÍS DE PUBLICACIÓN
País de publicación Estados Unidos
082 04 - NUMERO DE CLASIFICACION DECIMAL DEWEY
Número de clasificación 634.9
Número del ítem B91u
100 1# - ASIENTO PRINCIPAL--NOMBRE PERSONAL
Nombre personal Bryant, Dirk
9 (RLIN) 3750
245 13 - MENCION DE TITULO
Título Las ultimas fronteras forestales
Parte restante del título ecosistemas y economías en el límite /
Mención de responsabilidad Dirk Bryant, Daniel Nielsen y Laura Tangley
260 ## - PUBLICACION, DISTRIBUCION, ETC. (PIE DE IMPRENTA)
Lugar de publicación, distribución, etc. Nueva York :
Nombre del editor, distribuidor, etc. World Conservation Montoring Center y World Wildlife Fund ;
Fecha de publicación, distribución, etc. 1997.
300 ## - DESCRIPCION FISICA
Extensión 42 páginas :
Otros detalles físicos mapas, tablas ;
Dimensiones 28 x 22 cm.
650 #6 - ASIENTO SECUNDARIO DE MATERIA - TERMINO TEMATICO
Término temático o nombre geográfico como elemento de entrada Ecología forestal
9 (RLIN) 57943
650 #4 - ASIENTO SECUNDARIO DE MATERIA - TERMINO TEMATICO
Término temático o nombre geográfico como elemento de entrada Ecosistemas forestales
9 (RLIN) 57944
650 #6 - ASIENTO SECUNDARIO DE MATERIA - TERMINO TEMATICO
Término temático o nombre geográfico como elemento de entrada Restauración ecológica
9 (RLIN) 57945
650 #6 - ASIENTO SECUNDARIO DE MATERIA - TERMINO TEMATICO
Término temático o nombre geográfico como elemento de entrada Desarrollo sostenible
9 (RLIN) 278
650 #6 - ASIENTO SECUNDARIO DE MATERIA - TERMINO TEMATICO
Término temático o nombre geográfico como elemento de entrada Impacto ambiental
9 (RLIN) 57947
700 1# - ASIENTO SECUNDARIO - NOMBRE PERSONAL
Nombre personal Tangley, Laura
9 (RLIN) 3753
700 1# - ASIENTO SECUNDARIO - NOMBRE PERSONAL
Nombre personal Nielsen, Daniel
9 (RLIN) 3754
710 2# - ASIENTO SECUNDARIO - NOMBRE CORPORATIVO
Nombre corporativo o de jurisdicción como elemento de entrada Instituto de Recursos Mundiales
9 (RLIN) 7361
942 ## - ELEMENTOS ADICIONALES (KOHA)
Tipo de ítem Libro
Sistema de clasificación Dewey Decimal Classification
Existencias
Withdrawn status Lost status Sistema de Clasificación Damaged status No para préstamo Colección Inventariado Ubicación Permanente Ubicación actual Fecha de adquisición Fuente de Valor Valor Total Checkouts Número topográfico Inventario / Código de Barras Date last seen Ejemplar Price effective from Forma de adquisición Tipo de material
    Dewey Decimal Classification     General   Bogotá Bogotá 02/03/2004       LB-333.72068 B84u 000521 04/12/2012 Ej. 1 04/12/2012   Libro
    Dewey Decimal Classification     General Inventariado 2017 Sala Fabio Quevedo Sala Fabio Quevedo 01/02/1998 Instituto 39000.00   LB-634.9 B91u 000522 04/12/2012 Ej. 2 04/12/2012 Donación Libro